Un acercamiento a la construcción del conocimiento en las aulas universitarias a partir del análisis del discurso de profesores y alumnos (Record no. 126499)
[ view plain ]
| 000 -CABECERA | |
|---|---|
| campo de control de longitud fija | 00698nab a2200205 a 4500 |
| 005 - FECHA Y HORA DE LA ÚLTIMA TRANSACCIÓN | |
| campo de control | 20210219155906.0 |
| 008 - ELEMENTOS DE LONGITUD FIJA--INFORMACIÓN GENERAL | |
| campo de control de longitud fija | 991125s1985 mx 000 0 spa u |
| 035 ## - NÚMERO DE CONTROL DEL SISTEMA | |
| Número de control de sistema | UPN01000154382 |
| 100 1# - ASIENTO PRINCIPAL--NOMBRE PERSONAL | |
| Nombre de persona | Prados Gallardo, María del Mar |
| 222 ## - TÍTULO CLAVE | |
| Título clave | INVESTIGACION EN LA ESCUELA |
| 245 ## - MENCIÓN DE TÍTULO | |
| Título | Un acercamiento a la construcción del conocimiento en las aulas universitarias a partir del análisis del discurso de profesores y alumnos |
| 260 ## - PUBLICACIÓN, DISTRIBUCIÓN, ETC. | |
| Lugar de publicación, distribución, etc. | Sevilla, España |
| 300 ## - DESCRIPCIÓN FÍSICA | |
| Extensión | 47-60 |
| 362 0# - FECHAS DE PUBLICACIÓN Y/O DESIGNACIÓN SECUENCIAL | |
| Fecha de publicación y/o designación secuencial | 2007 No. 62 |
| 653 0# - TERMINO DE INDIZACION - NO CONTROLADO | |
| Término no controlado | PROCESO ENSEÑANZA-APRENDIZAJE |
| 653 0# - TERMINO DE INDIZACION - NO CONTROLADO | |
| Término no controlado | EDUCACION SUPERIOR |
| 653 0# - TERMINO DE INDIZACION - NO CONTROLADO | |
| Término no controlado | APRENDIZAJE SIGNIFICATIVO |
| 700 1# - ASIENTO SECUNDARIO--NOMBRE DE PERSONAL | |
| Nombre de persona | Cubero Pérez, Rosario, |
| Término indicativo de función/relación | coaut. |
| 905 ## - TIPO DE MATERIAL | |
| Tipo de material | Articulo |
No items available.
